Complete the Movie Title (1963) - Statistics

General Stats
  • This quiz has been taken 113 times
  • The average score is 16 of 25
Answer Stats
Hint Answer % Correct
The Pink _____ Panther
94%
Lord of the _____ Flies
92%
It’s a Mad Mad Mad Mad _____ World
92%
The Nutty _____ Professor
89%
The _____ in the Stone Sword
89%
Jason and the _____ Argonauts
84%
Toys in the _____ Attic
84%
From Russia with _____ Love
83%
Under the Yum Yum _____ Tree
83%
The Great _____ Escape
78%
Bye Bye _____ Birdie
77%
The Man with the _____ Eyes X-Ray
77%
55 _____ at Peking Days
67%
_____of the Field Lilies
66%
The Day of the _____ Triffids
55%
The _____ of Eddie’s Father Courtship
53%
My Six _____ Loves
47%
The Three _____ of Thomasina Lives
46%
Love with the Proper _____ Stranger
46%
The Haunted _____ Palace
45%
Donovan’s _____ Reef
42%
Blood _____ Feast
36%
Spencer’s _____ Mountain
28%
Bluff _____ Master
20%
Murder at the _____ Gallop
17%
No matching quizzes found
Score Distribution
Percent of People with Each Score
Percentile by Number Answered
Your Score History
You have not taken this quiz